| 000 -LEADER |
| fixed length control field |
00650cam a2200205 a 4500 |
| 020 ## - INTERNATIONAL STANDARD BOOK NUMBER |
| ISBN |
1886693099 |
| 040 ## - CATALOGING SOURCE |
| Transcribing agency |
TKN |
| 082 00 - DEWEY DECIMAL CLASSIFICATION NUMBER |
| Classification number |
613 EVE 1996 A043 Or. |
| 100 1# - MAIN ENTRY--AUTHOR NAME |
| Personal name |
Meeks, Linda Brower. |
| 245 10 - TITLE STATEMENT |
| Title |
Comprehensive school health education : |
| Remainder of title |
totally awesome strategies for teaching health / |
| 250 ## - EDITION STATEMENT |
| Edition statement |
2nd ed. |
| 260 ## - PUBLICATION, DISTRIBUTION, ETC. (IMPRINT) |
| Place of publication |
Chicago, IL : |
| Name of publisher |
Everyday Learning Corp., |
| Year of publication |
c1996. |
| 300 ## - PHYSICAL DESCRIPTION |
| Number of Pages |
xxvi, 835 p. : |
| Other physical details |
ill. ; |
| Dimensions |
28 cm. |
| 500 ## - GENERAL NOTE |
| General note |
"Meeks Heit Publishing Company"--Cover p. 1. |
| 650 #0 - SUBJECT ADDED ENTRY--TOPICAL TERM |
| Topical Term |
Health education (Secondary) |
| 650 #0 - SUBJECT ADDED ENTRY--TOPICAL TERM |
| Topical Term |
Health education (Elementary) |
| 700 1# - ADDED ENTRY--PERSONAL NAME |
| Personal name |
Heit, Philip. |
| 700 1# - ADDED ENTRY--PERSONAL NAME |
| Personal name |
Page, Randy M. |
| 942 ## - ADDED ENTRY ELEMENTS (KOHA) |
| Koha item type |
សៀវភៅភាសាអង់គ្លេស |
| 952 ## - LOCATION AND ITEM INFORMATION (KOHA) |
| Withdrawn status [LOCAL, KOHA] |
0 |